Liberar el aprendizaje. El cambio educativo como movimiento social.
Saved in:
| Hovedforfatter: | |
|---|---|
| Andre forfattere: | |
| Format: | Ukendt |
| Sprog: | engelsk |
| Udgivet: |
Ciudad de México, México:
Grano De Sal,
2019
|
| Fag: | |
| Tags: |
Tilføj Tag
Ingen Tags, Vær først til at tagge denne postø!
|
MARC
| LEADER | 00000 a2200000 4500 | ||
|---|---|---|---|
| 003 | CL-VaPUC | ||
| 005 | 20220706091319.0 | ||
| 008 | 220314b2019 ||||| |||| 00| 0 eng d | ||
| 999 | |c 434176 |d 434174 | ||
| 020 | |a 9786079861117 | ||
| 040 | |c Pontificia Universidad Católica de Valparaíso | ||
| 082 | 7 | |a 371.207 RIN 2019 |2 22 | |
| 100 | |a Rincón-Gallardo Shimada, Santiago |9 534092 |e autor |e traductor | ||
| 245 | 1 | |a Liberar el aprendizaje. |b El cambio educativo como movimiento social. | |
| 260 | |a Ciudad de México, México: |b Grano De Sal, |c 2019 | ||
| 300 | |a 204 páginas | ||
| 583 | |k Cristina María Rojas Aguilar |c 20220314 | ||
| 650 | 0 | |a Movimientos sociales |9 315241 | |
| 650 | 0 | |a Docencia |x Aspectos sociales |9 867696 | |
| 650 | 0 | |a Cambio educativo |9 533695 | |
| 650 | 0 | |a Aprendizaje |9 254827 |x Aspectos sociales | |
| 700 | |a Enríquez Paz y Puente, Gabriela |e traductora |9 867571 | ||
| 942 | |2 ddc |c BK | ||
| 952 | |0 0 |1 0 |2 ddc |4 0 |6 371_207000000000000_RIN_2019 |7 0 |8 A |9 582051 |a BIBTEO |b BIBTEO |c GEN |d 2022-03-22 |e 1 |g 37052.00 |i 5650193 |o 371.207 RIN 2019 |p 5650193 |r 2025-01-17 |t 1 |v 37052.00 |w 2022-03-22 |y BK |k ICR | ||